| 000 | 00469nam a2200157 i 4500 | ||
|---|---|---|---|
| 001 | 150382 | ||
| 003 | ES-MaACL | ||
| 005 | 20230906203504.0 | ||
| 007 | t| | ||
| 008 | 071030s1966 sp ||||1| spa d | ||
| 100 | 1 |
_aVal Valgañón, Lorenzo de. _9112441 |
|
| 245 | 1 | 0 |
_aGuía del trazador en calderería / _cpor Lorenzo de Val Valgañón. |
| 260 |
_aBarcelona : _bGustavo Gili, _c1966. |
||
| 300 |
_a231 p. : _bil. ; _c28 cm. |
||
| 852 |
_aES-MaACL _jC-33935 _bR.60270 |
||
| 999 |
_c150382 _d150382 |
||